| 000 | 01266nas1a22003131i 4500 | ||
|---|---|---|---|
| 001 | RU\NLR\BIBL_A\012274979 | ||
| 005 | 20241103103547.0 | ||
| 035 | _a(NLR Aleph) 012274979 | ||
| 090 |
_a11187795 _c11187795 |
||
| 100 | _a20200617a20209999|||y0rusy50 ca | ||
| 101 | 0 | _arus | |
| 102 | _aRU | ||
| 110 | _azyuzz 0|y| | ||
| 181 | 0 |
_ai _baxxe |
|
| 182 | 0 | _an | |
| 200 | 1 |
_aТруды Таврической духовной семинарии _eсборник трудов _fСимфероп. и Крым. епархия, Духов. образоват. орг. высш. образования "Тавр. духов. семинария" |
|
| 203 |
_aТекст _bвизуальный _cнепосредственный |
||
| 207 | 0 | _aВып. 1 (2020) - | |
| 210 |
_aСимферополь _cАриал _d2020 - |
||
| 606 |
_aПравославие _jПериодические издания _91149727 _3RU\NLR\AUTH\66140500 |
||
| 686 | 2 | _aЭ372.24я54 | |
| 710 | 0 | 2 |
_aТаврическая духовная семинария _cСимферополь _9684769 _3RU\NLR\AUTH\880512110 |
| 852 |
_aNLR _jП37/355 |
||
| 852 | _aNLR | ||
| 942 | _cCOLLECTION | ||
| 980 | _aRUSPER | ||